The new Strong's complete dictionary of Bible words / (Record no. 6676)

MARC details
000 -LEADER
fixed length control field 01334pam a2200325 a 4500
001 - CONTROL NUMBER
control field 2562616
003 - CONTROL NUMBER IDENTIFIER
control field GBCCL
005 - DATE AND TIME OF LATEST TRANSACTION
control field 20241126110608.0
008 - FIXED-LENGTH DATA ELEMENTS--GENERAL INFORMATION
fixed length control field 951120s1996 tnu d 001 0 eng
010 ## -
-- 95047161
020 ## - INTERNATIONAL STANDARD BOOK NUMBER
International Standard Book Number 0785211470 (hardcover)
040 ## - CATALOGING SOURCE
Original cataloging agency DLC
Transcribing agency DLC
Modifying agency DLC
050 00 -
-- PJ4833
-- .S87 1996
082 00 - DEWEY DECIMAL CLASSIFICATION NUMBER
Classification number 220.3
-- 413.21
Edition information 20
Item number STR
100 1# - MAIN ENTRY--PERSONAL NAME
Personal name Strong, James,
Dates associated with a name 1822-1894.
9 (RLIN) 11914
245 14 - TITLE STATEMENT
Title The new Strong's complete dictionary of Bible words /
Statement of responsibility, etc. James Strong ; introduction by John R. Kohlenberger, III.
246 3# -
-- Strong's complete dictionary of Bible words
246 3# -
-- Complete dictionary of Bible words
260 ## - PUBLICATION, DISTRIBUTION, ETC.
Place of publication, distribution, etc. Nashville, TN :
Name of publisher, distributor, etc. Thomas Nelson Publishers,
Date of publication, distribution, etc. c1996.
300 ## - PHYSICAL DESCRIPTION
Extent vi, 729 p. ;
Dimensions 24 cm.
500 ## - GENERAL NOTE
General note Includes index.
630 00 - SUBJECT ADDED ENTRY--UNIFORM TITLE
Uniform title Bible.
Name of part/section of a work Old Testament
General subdivision Dictionaries
-- Hebrew.
9 (RLIN) 11931
630 00 - SUBJECT ADDED ENTRY--UNIFORM TITLE
Uniform title Bible.
Name of part/section of a work New Testament
General subdivision Dictionaries
-- Greek.
9 (RLIN) 11932
650 #0 - SUBJECT ADDED ENTRY--TOPICAL TERM
Topical term or geographic name entry element Hebrew language
General subdivision Dictionaries
-- English.
9 (RLIN) 2515
650 #0 - SUBJECT ADDED ENTRY--TOPICAL TERM
Topical term or geographic name entry element Greek language, Biblical
General subdivision Dictionaries
-- English.
9 (RLIN) 1761
856 42 - ELECTRONIC LOCATION AND ACCESS
Materials specified Publisher description
Uniform Resource Identifier <a href="http://www.loc.gov/catdir/enhancements/fy0609/95047161-d.html">http://www.loc.gov/catdir/enhancements/fy0609/95047161-d.html</a>
906 ## - LOCAL DATA ELEMENT F, LDF (RLIN)
a 7
b cbc
c orignew
d 1
e ocip
f 19
g y-gencatlg
942 ## - ADDED ENTRY ELEMENTS (KOHA)
Source of classification or shelving scheme Dewey Decimal Classification
Koha item type Reference Books
Holdings
Withdrawn status Lost status Source of classification or shelving scheme Damaged status Not for loan Home library Current Library Shelving location Date acquired Total checkouts Full call number Barcode Date last seen Copy number Price effective from Koha item type
    Dewey Decimal Classification     GRACE BIBLE COLLEGE GRACE BIBLE COLLEGE Dictionary 2018-05-23   220.3 STR 010001 2025-05-01 c.1 2018-05-23 Reference Books
© Grace Bible College Library 2025